000 01011nam a2200277Ia 4500
003 OSt
005 20220923211130.0
006 a|||||r|||| 00| 0
007 ta
008 220922b |||||||| |||| 00| 0 hin d
020 _a818512762X (pbk)
_c70
024 _a352,883
037 _bGV722, 11/03/2020, Vani Prakashan
_cTextual
040 _aARTS
_cARTS
_bhin
041 _2hin
_ahin
082 _aO152,1N11x, N7
100 _aअज्ञेय, ले.
_9158567
245 0 _aसन्नाटे का छन्द
_b कविता संचयन
246 _aSannāṭe kā chhanda: kavitā sanchayana
260 _aबीकानेर
_b वाग्देवी प्रकाशन
_c1997
300 _a183पृ.
_ccm.
650 _a हिन्दी साहित्य
_9156264
650 _aहिन्दी कविता
942 _hO152,1N11x, N7
_cTEXL
_2CC
999 _c295741
_d295741